00751 2200289 4500001002100000005001500021035002000036007000300056040001200059100003100071245004200102250001000144300003100154020002200185041000800207082001100215084001700226090001700243264003900260336002100299337003000320338002300350650001500373850001000388008004100398990002200439INLIS00000000001350920260410124634 a0010-0825000068ta aSBPUPAD0 aArief Prahasta,ePengarang1 aAgribisnis Bandeng /cArief Prahasta, aCet.1 a178 hlm :bilus., ;c14 cm a978-979-730-732-5 aInd a639.31 a639.31 ARI a a639.31 ARI a aBandung :bPustaka Grafika,c2009. 2rdacontentaTeks 2rdamediaatanpa perantara 2rdacarrieravolume 4aAgribisnis aPUPAD260410 0  a39.298/s/DPK/2023